Emerson and the light of India: (Record no. 10540)

MARC details
000 -LEADER
fixed length control field 00724 a2200205 4500
010 ## - LIBRARY OF CONGRESS CONTROL NUMBER
LC control number ENG-89390
020 ## - INTERNATIONAL STANDARD BOOK NUMBER
International Standard Book Number 9788123749341
Terms of availability 100.00
035 ## - SYSTEM CONTROL NUMBER
System control number EN-72923
037 ## - SOURCE OF ACQUISITION
Source of stock number/acquisition DBAD / PUB
082 14 - DEWEY DECIMAL CLASSIFICATION NUMBER
Classification number 181.4
090 ## - LOCALLY ASSIGNED LC-TYPE CALL NUMBER (OCLC); LOCAL CALL NUMBER (OCLC)
-- 10840
-- 10840
100 ## - MAIN ENTRY--PERSONAL NAME
Personal name Gordon, Robert C.
245 1# - TITLE STATEMENT
Title Emerson and the light of India:
Statement of responsibility, etc by Robert C. Gordon
Remainder of title an intellectual history/
260 ## - PUBLICATION, DISTRIBUTION, ETC. (IMPRINT)
Place of publication, distribution, etc New Delhi
Name of publisher, distributor, etc National Book Trust, India
Date of publication, distribution, etc 2007
270 ## - ADDRESS
Address A-5, Green Park
City New Delhi
State or province Delhi
Postal code 110016
300 ## - PHYSICAL DESCRIPTION
Extent xx,,255p
Dimensions 21 cm ( Pbk.)
500 ## - GENERAL NOTE
General note Includes bibliographical references and index
942 ## - ADDED ENTRY ELEMENTS (KOHA)
Institution code [OBSOLETE] dpl
Koha item type English Books
Call number prefix 181.4/ GOR
Holdings
Withdrawn status Lost status Source of classification or shelving scheme Damaged status Not for loan Collection code Home library Current library Source of acquisition Cost, normal purchase price Total Checkouts Full call number Barcode Date last seen Copy number Uniform Resource Identifier Cost, replacement price Price effective from Koha item type
    Dewey Decimal Classification   Not For Loan Non-fiction D.B.Act.Division D.B.Act.Division DBAD/PUB 100.00   181.4 GOR EN-72923 15/09/2008 1 11610 100.00 15/09/2008 English Books

© Delhi Public Library
Hit Counter
free hit counter